000 00444ntaaa2200169 4500
003 01
005 20251027201122.0
008 0714s1973 ag 01
040 _aAR-BaBN
_bspa
_cAR-BaBN
_eaacr
_dRIC
082 _a212.5 G93
100 _aGuénon, René
_98821
245 _aEl Teosofismo; historia de una seudorreligión /
_cRené Guénon
250 _a1 ed.
260 _aBuenos Aires :
_bEditorial Haz,
_c1954
300 _a316 p.
942 _cBK
999 _c5398
_d5398